000 00928nam a2200241 i 4500
001 bgj
100 1 _aSTEVENSON, Robert Louis
_d((1850-1894))
245 1 0 _aKidnapped /
_cRobert Louis Stevenson ; with an afterword by Gerard Previn Meyer.
260 _aNew York :
_bNew American Library,
_cc.1950.
300 _aX, 239 [1] pp :
_b1 map ;
_c18 cm.
504 _aRevised and updated bibliography on page [240].
505 _aThe adventures of sixteen-year-old David Balfour, an orphan, who after being kidnapped by his villainous uncle managed to escape and becomes involved in the struggle of the Scotish highlanders against English rule.
650 9 _aKidnapping
650 9 _aAdventure and adventurers
650 9 _aOrphans
651 9 _aScotland
_y18th century
651 9 _aHistorical fiction
655 _aFiction
040 _cBPK
041 0 _aeng
942 _cKS
008 s uk f |000 0 eng
999 _c48541
_d48541
856 _uhttp://koha.tu.koszalin.pl/cgi-bin/koha/opac-detail.pl?biblionumber=48541
_yKatalog online BPK